000 00705nam a2200217Ia 4500
003 GCL
008 140319s9999 xx 000 0 ara d
040 _aGCL /
_cGCL
082 0 4 _a911
_bب ت
100 1 _aبيكر، الان
245 1 0 _aتطور علم الجغرافيا التاريخية /
_cبيكر، الان
700 1 _aمحمد جمال الدين زرقانه (مترجم)
700 1 _aابراهيم احمد زرقانة
260 _a[S.N] :
_bدار النهضة العربية ،
_c1988
300 _a228 ص
490 _a
650 0 4 _aالجغرافيا التاريخية
650 0 4 _aالجغرافيا
650 0 4 _aالكشوف الجغرافية
942 _2ddc
_cBK
999 _c31885
_d31885